Documenting reforms : (Record no. 4516)

MARC details
000 -LEADER
fixed length control field 00492 a2200169 4500
010 ## - LCCN (DPL NO)
LC control number ENG-86363
020 ## - INTERNATIONAL STANDARD BOOK NUMBER
International Standard Book Number 1403930255
Terms of availability 560.00
035 ## - SYSTEM CONTROL NUMBER
System control number EN-69896
037 ## - SOURCE OF ACQUISITION
Source of stock number/acquisition DBAD / PUB
082 14 - DEWEY DECIMAL CLASSIFICATION NUMBER
Classification number 338.95402
245 1# - TITLE STATEMENT
Title Documenting reforms :
Statement of responsibility, etc ed. by S. Narayan
Remainder of title case studies from India /
260 ## - PUBLICATION, DISTRIBUTION, ETC. (IMPRINT)
Place of publication, distribution, etc New Delhi
Name of publisher, distributor, etc Macmillan India
Date of publication, distribution, etc 2006
300 ## - PHYSICAL DESCRIPTION
Extent viii, 338 p.
Dimensions 25cm. (Hb.)
500 ## - GENERAL NOTE
General note Includes index
700 1# - ADDED ENTRY--PERSONAL NAME
Personal name Narayan, S
942 ## - ADDED ENTRY ELEMENTS (KOHA)
Institution code [OBSOLETE] dpl
Item type English Books
Source of classification or shelving scheme Dewey Decimal Classification
Classification part 338.95402
Call number suffix DOC
Holdings
Withdrawn status Lost status Not for loan Collection code Home library Current library Source of acquisition Cost, normal purchase price Full call number Barcode Copy number Cost, replacement price Koha item type
    Not For Loan Non-fiction D.B.Act.Division D.B.Act.Division DBAD/PUB 560.00 338.95402 DOC EN-69896 1 560.00 English Books

© Delhi Public Library
Hit Counter
free hit counter